NASCAR Cup Winners at Michigan International Speedway - Statistics

General Stats
  • This quiz has been taken 862 times
    267 since last reset
  • The average score is 81 of 107
Answer Stats
Year Winner % Correct
1987 | 1990 Dale Earnhardt
95%
2008 | 2012 Dale Earnhardt Jr
95%
2011 Kyle Busch
93%
1998 | 2001 | 2014 Jeff Gordon
92%
2003 | 2007 | 2015 Kurt Busch
92%
2016 | 2017 Kyle Larson
90%
1974 | 1975 | 1979 | 1981 Richard Petty
90%
2010 | 2011 Denny Hamlin
89%
2014 Jimmie Johnson
89%
2010 | 2018 | 2019 | +2 others Kevin Harvick
89%
1984 | 1985 | 1986 | +2 others Bill Elliott
86%
2013 | 2016 | 2019 Joey Logano
84%
1971 | 1981 | 1982 Bobby Allison
82%
2002 | 2006 | 2015 Matt Kenseth
82%
1988 | 1991 | 1992 Davey Allison
80%
1990 | 1993 | 1997 | +2 others Mark Martin
80%
2021 Ryan Blaney
78%
2000 Tony Stewart
77%
1995 | 1999 Bobby Labonte
75%
1977 | 1984 Darrell Waltrip
75%
2024 Tyler Reddick
75%
2004 | 2005 | 2012 | 2013 Greg Biffle
74%
1969 | 1970 | 1977 | +4 others Cale Yarborough
72%
2007 | 2008 Carl Edwards
72%
1988 | 1989 | 1994 | +2 others Rusty Wallace
72%
1969 | 1972 | 1973 | +4 others David Pearson
68%
2006 Kasey Kahne
67%
1991 | 1996 | 1999 | 2002 Dale Jarrett
64%
2023 Chris Buescher
61%
2018 Clint Bowyer
61%
2003 | 2004 Ryan Newman
61%
1993 Ricky Rudd
49%
2001 Sterling Marlin
48%
1997 Ernie Irvan
46%
1980 Benny Parsons
43%
2009 Brian Vickers
43%
1994 Geoff Bodine
43%
1992 Harry Gant
37%
2005 Jeremy Mayfield
37%
1979 Buddy Baker
34%
1970 Charlie Glotzbach
4%
No matching quizzes found
Score Distribution
Percent of People with Each Score
Percentile by Number Answered
Your Score History
You have not taken this quiz since the last reset